Biggest Cities in Djibouti - Statistics

General Stats
  • This quiz has been taken 23 times
  • The average score is 2 of 12
Answer Stats
Hint Answer % Correct
1 623k Djibouti
100%
6 6k Arta
27%
2 55k Ali Sabieh
18%
4 17k Obock
18%
5 12k Dikhil
9%
7 3k Holhol
9%
12 1k Alaili Dadda
0%
9 1k Dorra
0%
10 1k Galafi
0%
8 2k Goubetto
0%
11 1k Loyada
0%
3 22k Tadjourah
0%
No matching quizzes found
Score Distribution
Percent of People with Each Score
Percentile by Number Answered
Your Score History
You have not taken this quiz